00318nam a22000977a 4500082001500000100002500015245010700040260005400147300001100201563000800212 a923.5bCHA aChaudhry, Zafar Aziz aMoments in silence : ba miscellany of selected essays and some other writings / cZafar Aziz Chaudhry aLahore :bSh. Ghulam Ali & Sons (pvt) Ltd,c2018. a312 p. aHB.